Arab Republic of Egypt : 2010 Article IV Consultation; Staff Report; Public Information Notice on the Executive Board Discussion; and Statement by the Executive Director for the Arab Republic of Egypt.

This 2010 Article IV Consultation highlights that Egypt has weathered the global financial crisis relatively well and financial market pressures have eased after the initial outflow. Equity prices plateaued in recent months, after having recovered over half of the losses since the April 2008 peak. E...

Volledige beschrijving

Bibliografische gegevens
Coauteur: International Monetary Fund
Formaat: Tijdschrift
Taal:English
Gepubliceerd in: Washington, D.C. : International Monetary Fund, 2010.
Reeks:IMF Staff Country Reports; Country Report ; No. 2010/094
Online toegang:Full text available on IMF
LEADER 01765cas a2200241 a 4500
001 AALejournalIMF006413
008 230101c9999 xx r poo 0 0eng d
020 |c 5.00 USD 
020 |z 9781455207497 
022 |a 1934-7685 
040 |a BD-DhAAL  |c BD-DhAAL 
110 2 |a International Monetary Fund. 
245 1 0 |a Arab Republic of Egypt :   |b 2010 Article IV Consultation; Staff Report; Public Information Notice on the Executive Board Discussion; and Statement by the Executive Director for the Arab Republic of Egypt. 
264 1 |a Washington, D.C. :  |b International Monetary Fund,  |c 2010. 
300 |a 1 online resource (57 pages) 
490 1 |a IMF Staff Country Reports 
500 |a <strong>Off-Campus Access:</strong> No User ID or Password Required 
500 |a <strong>On-Campus Access:</strong> No User ID or Password Required 
506 |a Electronic access restricted to authorized BRAC University faculty, staff and students 
520 3 |a This 2010 Article IV Consultation highlights that Egypt has weathered the global financial crisis relatively well and financial market pressures have eased after the initial outflow. Equity prices plateaued in recent months, after having recovered over half of the losses since the April 2008 peak. Egypt's sovereign spreads tightened during 2009 and, in early 2010, remain well below their pre-Lehman levels. Reducing the fiscal deficit and public debt are key medium term objectives. Egypt's public debt remains high in comparison with many other emerging market countries. 
538 |a Mode of access: Internet 
830 0 |a IMF Staff Country Reports; Country Report ;  |v No. 2010/094 
856 4 0 |z Full text available on IMF  |u http://elibrary.imf.org/view/journals/002/2010/094/002.2010.issue-094-en.xml  |z IMF e-Library